=LDR 00000nam 2200000 4500 =001 INLIS000000000028903 =005 20130612131157 =008 ***********************************Ind** =035 ##$$0010-061300000028903 =041 ##$$a Ind =082 ##$$a F Rom K =090 ##$$a F Rom K, War a =100 ##$$a Wardhana, Eka =245 ##$$a Abu Nawas, Minyak Rambut Cap Cabe, Eka Wardhana =260 ##$$a 2000 $b Bandung =300 ##$$a 164 Hlm., Ilus, 18 cm =650 ##$$a Fiksi Kanak-Kanak =850 ##$$a NBPNMAT